Gulwant Farigh Da Bhasha Chintan (Record no. 23996)
[ view plain ]
| 000 -LEADER | |
|---|---|
| fixed length control field | 00408nam a2200181Ia 4500 |
| 000 - LEADER | |
| fixed length control field | 00746ngmaa2200277 a 4500 |
| 003 - CONTROL NUMBER IDENTIFIER | |
| control field | RNL |
| 006 - FIXED-LENGTH DATA ELEMENTS--ADDITIONAL MATERIAL CHARACTERISTICS | |
| fixed length control field | g||||fr|||| a0| fz |
| 007 - PHYSICAL DESCRIPTION FIXED FIELD--GENERAL INFORMATION | |
| fixed length control field | hj bfb|||baap |
| 008 - FIXED-LENGTH DATA ELEMENTS--GENERAL INFORMATION | |
| fixed length control field | 090707b ii f a fnsan d |
| 040 ## - CATALOGING SOURCE | |
| Original cataloging agency | eng |
| 100 ## - MAIN ENTRY--PERSONAL NAME | |
| Personal name | Ushma ed. |
| 245 ## - TITLE STATEMENT | |
| Title | Gulwant Farigh Da Bhasha Chintan |
| 260 ## - PUBLICATION, DISTRIBUTION, ETC. | |
| Place of publication, distribution, etc. | Delhi, |
| 260 ## - PUBLICATION, DISTRIBUTION, ETC. | |
| Name of publisher, distributor, etc. | M. P. Prakashan |
| 260 ## - PUBLICATION, DISTRIBUTION, ETC. | |
| Date of publication, distribution, etc. | 2006 |
| 942 ## - ADDED ENTRY ELEMENTS (KOHA) | |
| Koha item type | Books |
| Withdrawn status | Lost status | Damaged status | Not for loan | Collection code | Home library | Current library | Shelving location | Date acquired | Total Checkouts | Barcode | Date last seen | Price effective from | Koha item type | Cost, normal purchase price |
|---|---|---|---|---|---|---|---|---|---|---|---|---|---|---|
| Punjabi Department Books | RCL | RCL | General Stacks | 10/02/2018 | 52478 | 10/02/2018 | 10/02/2018 | Books | ||||||
| Punjabi Department Books | RCL | RCL | General Stacks | 52479 | Books | 0.00 | ||||||||
| Punjabi Department Books | RCL | RCL | General Stacks | 52480 | Books | 0.00 | ||||||||
| Punjabi Department Books | RCL | RCL | General Stacks | 52481 | Books | 0.00 |


